Curso de transformadores y motores trifásicos de inducción
Guardat en:
| Autor principal: | |
|---|---|
| Format: | Llibre |
| Idioma: | Spanish |
| Publicat: |
México : Limusa/ Noriega Editores
1995
|
| Matèries: | |
| Etiquetes: |
Afegir etiqueta
Sense etiquetes, Sigues el primer a etiquetar aquest registre!
|
MARC
| LEADER | 00000nam a2200000Ia 4500 | ||
|---|---|---|---|
| 003 | 000322 | ||
| 005 | 20221231144013.0 | ||
| 008 | 140114s1995 mx a 000 ||spa d | ||
| 040 | |c cru CEDI | ||
| 082 | |a 621.314.3 E59c3 | ||
| 100 | |a Enríquez Harper, Gilberto |9 19337 | ||
| 245 | |a Curso de transformadores y motores trifásicos de inducción | ||
| 260 | |a México : Limusa/ Noriega Editores |c 1995 | ||
| 300 | |a 330 páginas; ilustraciones | ||
| 650 | |x TRANSFORMADORES ELECTRICOS |9 19541 | ||
| 942 | |2 ddc |c BK | ||
| 999 | |c 15474 |d 15474 | ||
